[Event "Tatran Cup 70th"]
[Site "Tatranske Matliare"]
[Date "2024.10.06"]
[Round "2"]
[White "Dzupin, Dominik"]
[Black "Kolman, Richard"]
[Result "1/2-1/2"]
[WhiteElo "1864"]
[BlackElo "2029"]
[PlyCount "29"]
[EventDate "2024.10.05"]
[EventType "swiss"]
[EventRounds "8"]
[EventCountry "SVK"]
[SourceTitle "CB45_2024"]
[Source "ChessBase"]
[SourceDate "2024.11.06"]
[SourceVersion "1"]
[SourceVersionDate "2024.11.06"]
[SourceQuality "1"]

1. e4 c5 2. c3 Nf6 3. e5 Nd5 4. Nf3 g6 5. d4 cxd4 6. Bc4 Nb6 7. Qxd4 Nc6 8. Qf4 Nxc4 9. Qxc4 Bg7 10. Bf4 0-0 11. 0-0 d5 12. exd6 e5 13. Be3 Be6 14. Qb5 Qxd6 15. Bc5 1/2-1/2

[Event "SVK-ch Seniors 65"]
[Site "Tatranske Matliare"]
[Date "2024.05.31"]
[Round "8"]
[White "Kolman, Richard"]
[Black "Ruckschloss, Karol"]
[Result "1/2-1/2"]
[WhiteElo "2012"]
[BlackElo "2132"]
[PlyCount "39"]
[EventDate "2024.05.25"]
[EventType "swiss"]
[EventRounds "9"]
[EventCountry "SVK"]
[SourceTitle "CBM 220 Extra"]
[Source "ChessBase"]
[SourceDate "2024.07.31"]
[SourceVersion "1"]
[SourceVersionDate "2024.07.31"]
[SourceQuality "1"]

1. d4 d6 2. c4 g6 3. Nc3 Bg7 4. e4 c6 5. Be3 Qa5 6. h3 f5 7. exf5 Bxf5 8. g4 Be6 9. Qd2 Nd7 10. Nf3 Ngf6 11. Ng5 Bg8 12. Bd3 0-0-0 13. 0-0-0 e5 14. Nce4 Qxd2+ 15. Rxd2 Ne8 16. d5 cxd5 17. cxd5 Bxd5 18. Bb5 Ndf6 19. Rxd5 Nxd5 20. Nf7 1/2-1/2

[Event "SVK-chT2A 2324"]
[Site "Slovakia"]
[Date "2024.03.17"]
[Round "11.5"]
[White "Kolman, Richard"]
[Black "Manak, Jozef"]
[Result "1-0"]
[WhiteElo "1980"]
[BlackElo "1921"]
[PlyCount "37"]
[EventDate "2023.10.07"]
[EventType "team-tourn"]
[EventRounds "11"]
[EventCountry "SVK"]
[SourceTitle "EXT 2025"]
[Source "ChessBase"]
[SourceDate "2024.10.14"]
[SourceVersion "1"]
[SourceVersionDate "2024.10.14"]
[SourceQuality "1"]
[WhiteTeam "Bratislava Slovan IV"]
[BlackTeam "Piestany Kupele"]
[WhiteTeamCountry "SVK"]
[BlackTeamCountry "SVK"]

1. d4 Nf6 2. Nf3 d5 3. e3 c6 4. Bd3 Bg4 5. b3 e6 6. 0-0 Bd6 7. h3 Bh5 8. Bb2 Nbd7 9. Nbd2 0-0 10. c4 Rc8 11. c5 Bb8 12. Qc2 Bg6 13. Bxg6 hxg6 14. Ne5 b6 15. b4 Nxe5 16. dxe5 Nd7 17. f4 Qh4 18. Nf3 Qg3 19. Bc3 1-0

[Event "SVK-chT1W 2324"]
[Site "Slovakia"]
[Date "2023.10.22"]
[Round "2.7"]
[White "Suchansky, Jakub"]
[Black "Kolman, Richard"]
[Result "1/2-1/2"]
[WhiteElo "1965"]
[BlackElo "1980"]
[PlyCount "37"]
[EventDate "2023.10.21"]
[EventType "team-tourn"]
[EventRounds "11"]
[EventCountry "SVK"]
[SourceTitle "EXT 2025"]
[Source "ChessBase"]
[SourceDate "2024.10.14"]
[SourceVersion "1"]
[SourceVersionDate "2024.10.14"]
[SourceQuality "1"]
[WhiteTeam "Levice II"]
[BlackTeam "Bratislava Slovan III"]
[WhiteTeamCountry "SVK"]
[BlackTeamCountry "SVK"]

1. d4 Nf6 2. Nf3 e6 3. g3 d5 4. c4 dxc4 5. Qa4+ Qd7 6. Qxc4 Qc6 7. Qxc6+ Nxc6 8. Bg2 Bb4+ 9. Bd2 0-0 10. 0-0 Rd8 11. e3 a6 12. Bxb4 Nxb4 13. Nc3 c6 14. Rfd1 Bd7 15. Rac1 Be8 16. a3 Nbd5 17. Ne5 Nd7 18. Nxd7 Nxc3 19. Nf6+ 1/2-1/2

[Event "SVK-chT2A 2324"]
[Site "Slovakia"]
[Date "2023.10.07"]
[Round "1.4"]
[White "Sturdik, Igor"]
[Black "Kolman, Richard"]
[Result "1/2-1/2"]
[WhiteElo "1864"]
[BlackElo "1980"]
[PlyCount "53"]
[EventDate "2023.10.07"]
[EventType "team-tourn"]
[EventRounds "11"]
[EventCountry "SVK"]
[SourceTitle "EXT 2025"]
[Source "ChessBase"]
[SourceDate "2024.10.14"]
[SourceVersion "1"]
[SourceVersionDate "2024.10.14"]
[SourceQuality "1"]
[WhiteTeam "Trnava Lokomotiva"]
[BlackTeam "Bratislava Slovan IV"]
[WhiteTeamCountry "SVK"]
[BlackTeamCountry "SVK"]

1. e4 c6 2. d4 d5 3. Nc3 dxe4 4. Nxe4 Nf6 5. Nxf6+ exf6 6. Bf4 Bd6 7. Qd2 0-0 8. 0-0-0 Bxf4 9. Qxf4 Qa5 10. a3 Be6 11. Bd3 Nd7 12. Ne2 Rfe8 13. Qd2 Qc7 14. Nf4 Nb6 15. Nxe6 Rxe6 16. g3 Rae8 17. Rhe1 Qe7 18. Rxe6 Qxe6 19. Qf4 Qa2 20. c3 Nc4 21. Bxc4 Qxc4 22. Kc2 Qa4+ 23. Kd2 Qb3 24. Re1 Qxb2+ 25. Kd3 Qb5+ 26. Kd2 Qb2+ 27. Kd3 1/2-1/2

[Event "SVK-chT2A 2223"]
[Site "Slovakia"]
[Date "2023.02.11"]
[Round "8.6"]
[White "Kolman, Richard"]
[Black "Hartl, Jan"]
[Result "1/2-1/2"]
[WhiteElo "2020"]
[BlackElo "2005"]
[PlyCount "34"]
[EventDate "2022.10.08"]
[EventType "team-tourn"]
[EventRounds "11"]
[EventCountry "SVK"]
[SourceTitle "EXT 2024"]
[Source "ChessBase"]
[SourceDate "2023.10.10"]
[SourceVersion "1"]
[SourceVersionDate "2023.10.10"]
[SourceQuality "1"]
[WhiteTeam "Bratislava Slovan IV"]
[BlackTeam "Pezinok"]
[WhiteTeamCountry "SVK"]
[BlackTeamCountry "SVK"]

1. d4 Nf6 2. Bf4 d6 3. Nc3 c6 4. e4 Qc7 5. e5 Nfd7 6. Nf3 dxe5 7. dxe5 Nc5 8. Qd2 e6 9. 0-0-0 a5 10. Ng5 Be7 11. Nce4 Nxe4 12. Nxe4 0-0 13. Bd3 b6 14. Kb1 Rd8 15. Qe2 Nd7 16. Ng5 g6 17. h4 Nc5 1/2-1/2

[Event "SVK-chT2A 2223"]
[Site "Slovakia"]
[Date "2022.11.26"]
[Round "5.6"]
[White "Biro, Karol"]
[Black "Kolman, Richard"]
[Result "1-0"]
[WhiteElo "2037"]
[BlackElo "2026"]
[PlyCount "75"]
[EventDate "2022.10.08"]
[EventType "team-tourn"]
[EventRounds "11"]
[EventCountry "SVK"]
[SourceTitle "EXT 2024"]
[Source "ChessBase"]
[SourceDate "2023.10.10"]
[SourceVersion "1"]
[SourceVersionDate "2023.10.10"]
[SourceQuality "1"]
[WhiteTeam "Krasnany"]
[BlackTeam "Bratislava Slovan IV"]
[WhiteTeamCountry "SVK"]
[BlackTeamCountry "SVK"]

1. e4 c5 2. Nf3 e6 3. d3 g6 4. Be2 Bg7 5. 0-0 Ne7 6. Re1 0-0 7. c3 Nbc6 8. Bf1 d5 9. e5 Qc7 10. Bf4 h6 11. h4 f5 12. d4 c4 13. Qd2 Kh7 14. g3 b5 15. Na3 Rb8 16. Nc2 Qb6 17. b3 Bd7 18. Reb1 Qc7 19. Ne3 a5 20. Kg2 Qa7 21. Be2 Rbc8 22. a4 Nd8 23. axb5 Bxb5 24. Ra3 Qc7 25. bxc4 Bxc4 26. Bxc4 dxc4 27. Qa2 Nb7 28. Ra4 Nd5 29. Nxd5 exd5 30. Qb2 Rb8 31. Qb6 Qd7 32. h5 Qxa4 33. Qxg6+ Kh8 34. Bxh6 Qd7 35. Ng5 Bxh6 36. Qxh6+ Kg8 37. Rb6 Rf7 38. Nxf7 1-0

[Event "SVK-chT1W 2223"]
[Site "Slovakia"]
[Date "2022.11.05"]
[Round "3.7"]
[White "Kolman, Richard"]
[Black "Zdrazil, Patrik"]
[Result "1-0"]
[WhiteElo "2022"]
[BlackElo "2013"]
[PlyCount "53"]
[EventDate "2022.10.15"]
[EventType "team-tourn"]
[EventRounds "11"]
[EventCountry "SVK"]
[SourceTitle "EXT 2024"]
[Source "ChessBase"]
[SourceDate "2023.10.10"]
[SourceVersion "1"]
[SourceVersionDate "2023.10.10"]
[SourceQuality "1"]
[WhiteTeam "Bratislava Slovan III"]
[BlackTeam "Povazska Bystrica"]
[WhiteTeamCountry "SVK"]
[BlackTeamCountry "SVK"]

1. e4 c5 2. Nf3 d6 3. d3 g6 4. g3 Bg7 5. Bg2 Nc6 6. 0-0 e6 7. Qe2 Nge7 8. Re1 0-0 9. Nbd2 Rb8 10. Nf1 b5 11. h4 Ba6 12. N1h2 Qc7 13. Ng4 Nd4 14. Nxd4 cxd4 15. Bd2 Qxc2 16. Rec1 Qa4 17. e5 dxe5 18. Nxe5 b4 19. Rc7 Qa5 20. Rxa7 Bxe5 21. Rxa6 Qxa6 22. Qxe5 Qxd3 23. Bh6 Nf5 24. Bg5 Qa6 25. g4 Ng7 26. Bh6 f6 27. Qc7 1-0

[Event "SVK-ch Blitz"]
[Site "Nitra"]
[Date "2022.10.29"]
[Round "11"]
[White "Kolman, Richard"]
[Black "Petran, Peter"]
[Result "0-1"]
[WhiteElo "1952"]
[BlackElo "2141"]
[PlyCount "44"]
[EventDate "2022.10.29"]
[EventType "swiss"]
[EventRounds "13"]
[EventCountry "SVK"]
[SourceTitle "EXT 2024"]
[Source "ChessBase"]
[SourceDate "2023.10.10"]
[SourceVersion "1"]
[SourceVersionDate "2023.10.10"]
[SourceQuality "1"]

1. d4 g6 2. Nf3 Bg7 3. Bf4 d6 4. e3 Nd7 5. h3 e5 6. Bh2 Qe7 7. Be2 Ngf6 8. 0-0 0-0 9. c4 b6 10. Nc3 Bb7 11. Qc2 a6 12. Rfe1 Rfe8 13. Rad1 c5 14. d5 Rab8 15. e4 Bc8 16. a3 h6 17. b4 Nh5 18. Bf1 cxb4 19. axb4 a5 20. bxa5 bxa5 21. Qa4 Nc5 22. Nb5 Nxa4 0-1

[Event "SVK-chT1W 2122"]
[Site "Slovakia"]
[Date "2022.03.19"]
[Round "5.4"]
[White "Sturc, Jan"]
[Black "Kolman, Richard"]
[Result "1/2-1/2"]
[WhiteElo "1990"]
[BlackElo "2007"]
[PlyCount "22"]
[EventDate "2021.11.06"]
[EventType "team-tourn"]
[EventRounds "11"]
[EventCountry "SVK"]
[SourceTitle "EXT 2023"]
[Source "ChessBase"]
[SourceDate "2022.10.05"]
[SourceVersion "1"]
[SourceVersionDate "2022.10.05"]
[SourceQuality "1"]
[WhiteTeam "Bratislava Slovan II"]
[BlackTeam "Bratislava Slovan III"]
[WhiteTeamCountry "SVK"]
[BlackTeamCountry "SVK"]

1. e4 c5 2. Nf3 e6 3. d4 cxd4 4. Nxd4 Nc6 5. Nc3 Qc7 6. g3 a6 7. Bg2 Nf6 8. 0-0 Nxd4 9. Qxd4 Bc5 10. Qd3 d6 11. Be3 Bxe3 1/2-1/2

[Event "Tatranska Lomnica Tatry op"]
[Site "Tatranska Lomnica"]
[Date "2021.10.07"]
[Round "7"]
[White "Kolman, Richard"]
[Black "Daels, Marc"]
[Result "0-1"]
[WhiteElo "2013"]
[BlackElo "2173"]
[PlyCount "52"]
[EventDate "2021.10.02"]
[EventType "swiss"]
[EventRounds "9"]
[EventCountry "SVK"]
[SourceTitle "EXT 2023"]
[Source "ChessBase"]
[SourceDate "2022.10.05"]
[SourceVersion "1"]
[SourceVersionDate "2022.10.05"]
[SourceQuality "1"]

1. d4 Nf6 2. Bf4 c5 3. e3 Qb6 4. Nc3 d6 5. Bb5+ Bd7 6. dxc5 Qxc5 7. Bxd7+ Nbxd7 8. Nf3 g6 9. 0-0 Bg7 10. e4 0-0 11. Be3 Qb4 12. Qd4 Qxb2 13. Rab1 Qa3 14. Nb5 Qa5 15. Bd2 Qd8 16. Qb4 a6 17. Na3 b5 18. Bc3 Qc7 19. Rfe1 Rfc8 20. Bb2 Rab8 21. e5 dxe5 22. Nxe5 Nd5 23. Qe4 Bxe5 24. Bxe5 Qxe5 25. Qxe5 Nxe5 26. Rxe5 e6 0-1

[Event "SVK-chT1W 1920"]
[Site "Slovakia"]
[Date "2020.02.23"]
[Round "9.7"]
[White "Kolman, Richard"]
[Black "Dvorsky, Jozef"]
[Result "1/2-1/2"]
[WhiteElo "2018"]
[BlackElo "1939"]
[PlyCount "32"]
[EventDate "2019.10.12"]
[EventType "team-tourn"]
[EventRounds "11"]
[EventCountry "SVK"]
[SourceTitle "CBM 195 Extra"]
[Source "ChessBase"]
[SourceDate "2020.05.31"]
[SourceVersion "1"]
[SourceVersionDate "2020.05.31"]
[SourceQuality "1"]
[WhiteTeam "Bratislava Slovan III"]
[BlackTeam "Batorove Kosihy"]
[WhiteTeamCountry "SVK"]
[BlackTeamCountry "SVK"]

1. d4 f5 2. c4 Nf6 3. Nc3 e6 4. g3 d5 5. Bg2 c6 6. b3 Bd6 7. Nh3 0-0 8. 0-0 dxc4 9. bxc4 e5 10. d5 Qe7 11. dxc6 bxc6 12. Nb5 cxb5 13. Bxa8 bxc4 14. Bg2 Nbd7 15. Bg5 Nb6 16. e3 e4 1/2-1/2

[Event "SVK-chT2A 1920"]
[Site "Slovakia"]
[Date "2020.02.16"]
[Round "9.5"]
[White "Kolman, Richard"]
[Black "Sarmir, Milos"]
[Result "1-0"]
[WhiteElo "2013"]
[BlackElo "2040"]
[PlyCount "83"]
[EventDate "2019.10.26"]
[EventType "team-tourn"]
[EventRounds "11"]
[EventCountry "SVK"]
[SourceTitle "CBM 195 Extra"]
[Source "ChessBase"]
[SourceDate "2020.05.31"]
[SourceVersion "1"]
[SourceVersionDate "2020.05.31"]
[SourceQuality "1"]
[WhiteTeam "Bratislava Slovan IV"]
[BlackTeam "Cifer"]
[WhiteTeamCountry "SVK"]
[BlackTeamCountry "SVK"]

1. d4 Nf6 2. Bf4 d5 3. Nc3 e6 4. Nf3 Bd6 5. Bg3 c6 6. e3 b6 7. Bd3 Bb7 8. Ne5 Qc7 9. f4 Nbd7 10. 0-0 g6 11. Bh4 Bb4 12. Qf3 a6 13. Nd1 Be7 14. Nf2 c5 15. c3 c4 16. Bc2 Ng8 17. Bxe7 Nxe7 18. Nfg4 Ng8 19. Qh3 Ndf6 20. Nh6 Nxh6 21. Qxh6 Qe7 22. b3 cxb3 23. axb3 Nd7 24. c4 Rc8 25. Bd3 dxc4 26. bxc4 Rb8 27. Rfb1 Nxe5 28. fxe5 Qc7 29. Qg7 Rf8 30. Qf6 Bc8 31. e4 Qd8 32. Qf2 f5 33. exf5 gxf5 34. Qf4 Rg8 35. Be2 Bb7 36. Bh5+ Kd7 37. Bf3 Kc8 38. d5 Qc7 39. Kh1 Qd7 40. Rxb6 exd5 41. cxd5 Bxd5 42. Rc1+ 1-0

[Event "SVK-chT2A 1920"]
[Site "Slovakia"]
[Date "2019.10.27"]
[Round "2.7"]
[White "Koval, Michal"]
[Black "Kolman, Richard"]
[Result "1/2-1/2"]
[WhiteElo "2016"]
[BlackElo "2018"]
[PlyCount "141"]
[EventDate "2019.10.26"]
[EventType "team-tourn"]
[EventRounds "11"]
[EventCountry "SVK"]
[SourceTitle "CBM 193 Extra"]
[Source "ChessBase"]
[SourceDate "2020.01.31"]
[SourceVersion "1"]
[SourceVersionDate "2020.01.31"]
[SourceQuality "1"]
[WhiteTeam "Senec"]
[BlackTeam "Bratislava Slovan IV"]
[WhiteTeamCountry "SVK"]
[BlackTeamCountry "SVK"]

1. e4 c5 2. Nf3 e6 3. d4 cxd4 4. Nxd4 Nc6 5. Nc3 Qc7 6. Be3 a6 7. Bd3 Nf6 8. a3 b5 9. Nxc6 dxc6 10. f4 Bb7 11. e5 Nd5 12. Nxd5 cxd5 13. Bd4 Bc5 14. c3 Bxd4 15. cxd4 Rc8 16. Ke2 0-0 17. Ke3 f6 18. Qh5 g6 19. Qg4 Qf7 20. Rhf1 f5 21. Qe2 Rc7 22. Rfc1 Rfc8 23. Qd2 Qe7 24. g3 Rxc1 25. Rxc1 Rxc1 26. Qxc1 Kf7 27. Qc3 Ke8 28. Qa5 Qd8 29. Qb4 Qe7 30. Qb3 Qd7 31. h3 Qc6 32. Qd1 Qc7 33. g4 Qe7 34. gxf5 exf5 35. Qe1 Kd7 36. Qg3 Kc7 37. h4 Bc8 38. Be2 Be6 39. h5 Bf7 40. hxg6 hxg6 41. Qe1 g5 42. Qh1 g4 43. Qh7 Qd7 44. Bd3 Be6 45. Qg6 Kb7 46. Qf6 Qc8 47. Kd2 Qd7 48. b3 Qc8 49. Qg7+ Qd7 50. Qf8 Qc8 51. Qc5 Qxc5 52. dxc5 Kc6 53. b4 Kd7 54. Ke3 Kc6 55. Kd4 Bd7 56. a4 Be6 57. Be2 Bc8 58. Bd1 Be6 59. axb5+ axb5 60. Be2 Bf7 61. Bd3 Be6 62. Bf1 Bf7 63. e6 Bxe6 64. Ke5 Bd7 65. Bg2 Kc7 66. Bh1 g3 67. Bg2 Bc6 68. Kd4 Kd7 69. Bf3 Ke6 70. Bg2 Kd7 71. Bf3 1/2-1/2

[Event "Bratislava-ch Centenary"]
[Site "Bratislava"]
[Date "2019.05.17"]
[Round "9"]
[White "Bochnicka, Vladimir1"]
[Black "Kolman, Richard"]
[Result "0-1"]
[WhiteElo "2108"]
[BlackElo "1995"]
[PlyCount "98"]
[EventDate "2019.05.10"]
[EventType "tourn"]
[EventRounds "9"]
[EventCountry "SVK"]
[SourceTitle "CBM 190 Extra"]
[Source "ChessBase"]
[SourceDate "2019.07.15"]
[SourceVersion "1"]
[SourceVersionDate "2019.07.15"]
[SourceQuality "1"]

1. e4 c5 2. Nf3 Nc6 3. Nc3 e6 4. d4 cxd4 5. Nxd4 Qc7 6. Be2 a6 7. Be3 Nf6 8. a3 b5 9. Nxc6 dxc6 10. f4 Bb7 11. 0-0 c5 12. Bf3 b4 13. axb4 cxb4 14. Na4 Nxe4 15. Bb6 Qc4 16. Re1 f5 17. b3 Qd5 18. Bxe4 fxe4 19. Qg4 Qf5 20. Qg3 Kf7 21. Rad1 Bd5 22. Bd4 Qg6 23. Qe3 Qf5 24. Be5 Be7 25. Nb6 Rad8 26. Bc7 Bc6 27. Be5 Bh4 28. Nc4 Bd5 29. Qa7+ Be7 30. Ne3 Qh5 31. f5 Rhe8 32. Rf1 Kg8 33. g4 Qh4 34. Bg3 Qh3 35. fxe6 Ra8 36. Qc7 Bxe6 37. Nf5 Bxf5 38. gxf5 Rac8 39. Qb7 Rxc2 40. Bf2 Rxf2 41. Qd5+ Kh8 42. Rxf2 Bc5 43. Qd7 Bxf2+ 44. Kxf2 e3+ 45. Ke1 Qh4+ 46. Ke2 Qxh2+ 47. Kd3 Qe5 48. Ke2 Qb2+ 49. Rd2 Qxd2+ 0-1

[Event "Bratislava-ch Centenary"]
[Site "Bratislava"]
[Date "2019.05.16"]
[Round "8"]
[White "Kolman, Richard"]
[Black "Pacher, Milan"]
[Result "0-1"]
[WhiteElo "1995"]
[BlackElo "2396"]
[PlyCount "78"]
[EventDate "2019.05.10"]
[EventType "tourn"]
[EventRounds "9"]
[EventCountry "SVK"]
[SourceTitle "CBM 190 Extra"]
[Source "ChessBase"]
[SourceDate "2019.07.15"]
[SourceVersion "1"]
[SourceVersionDate "2019.07.15"]
[SourceQuality "1"]

1. d4 f5 2. Nc3 d5 3. Bf4 e6 4. e3 Nf6 5. Nf3 Bd6 6. Be2 0-0 7. Ne5 Nbd7 8. g4 Ne4 9. Nxe4 fxe4 10. Qd2 a5 11. h4 Nxe5 12. dxe5 Bb4 13. c3 Be7 14. g5 c6 15. 0-0-0 b5 16. g6 h6 17. h5 b4 18. Bg4 Bg5 19. Bg3 Qe7 20. Kb1 Ba6 21. Ka1 Rfb8 22. Rc1 c5 23. Rhd1 a4 24. cxb4 Rxb4 25. Qc3 Bc4 26. Qa3 Ra6 27. Rxc4 dxc4 28. Rd6 Rxd6 29. exd6 Qd7 30. Be5 Bf6 31. Qc3 Rb6 32. Qxc4 Kh8 33. Bxe6 Qd8 34. Qxc5 Bxe5 35. Qxe5 Rxd6 36. a3 Qe7 37. Qxe4 Qxe6 38. Qxa4 Rd8 39. Qc2 Qg4 0-1

[Event "Bratislava-ch Centenary"]
[Site "Bratislava"]
[Date "2019.05.13"]
[Round "5"]
[White "Schwarz, Dusan"]
[Black "Kolman, Richard"]
[Result "1-0"]
[WhiteElo "2326"]
[BlackElo "1995"]
[PlyCount "31"]
[EventDate "2019.05.10"]
[EventType "tourn"]
[EventRounds "9"]
[EventCountry "SVK"]
[SourceTitle "CBM 190 Extra"]
[Source "ChessBase"]
[SourceDate "2019.07.15"]
[SourceVersion "1"]
[SourceVersionDate "2019.07.15"]
[SourceQuality "1"]

1. d4 d5 2. c4 e6 3. Nc3 c5 4. cxd5 cxd4 5. Qa4+ Bd7 6. Qxd4 exd5 7. Qxd5 Nc6 8. Nf3 Nf6 9. Qb3 Bc5 10. Bg5 Na5 11. Qc2 Qb6 12. e3 0-0-0 13. Bxf6 gxf6 14. Ne4 Qb4+ 15. Nfd2 b6 16. a3 1-0

[Event "SVK-chT1W 1819"]
[Site "Slovakia"]
[Date "2019.02.24"]
[Round "9.8"]
[White "Kolman, Richard"]
[Black "Sipkovsky, Ladislav"]
[Result "1-0"]
[WhiteElo "1997"]
[BlackElo "1759"]
[PlyCount "82"]
[EventDate "2018.10.27"]
[EventType "team-tourn"]
[EventRounds "11"]
[EventCountry "SVK"]
[SourceTitle "CBM 189 Extra"]
[Source "ChessBase"]
[SourceDate "2019.05.31"]
[SourceVersion "1"]
[SourceVersionDate "2019.05.31"]
[SourceQuality "1"]
[WhiteTeam "Bratislava Slovan II"]
[BlackTeam "Trnava Sered"]
[WhiteTeamCountry "SVK"]
[BlackTeamCountry "SVK"]

1. e4 e5 2. Nf3 Nc6 3. Bb5 a6 4. Ba4 b5 5. Bb3 h6 6. 0-0 Nf6 7. c3 d6 8. d4 Bg4 9. d5 Na5 10. Bc2 Be7 11. h3 Bh5 12. Nbd2 0-0 13. Re1 Rb8 14. Nf1 Nc4 15. Ng3 Bg6 16. b3 Nb6 17. Be3 Nbd7 18. Nd2 Nh7 19. a4 b4 20. cxb4 Rxb4 21. Nc4 Bg5 22. Qd2 Rb8 23. Na5 Bxe3 24. Qxe3 Ra8 25. Nc6 Qf6 26. b4 Nb8 27. Na5 Rc8 28. Bd3 c5 29. dxc6 Nxc6 30. Nxc6 Rxc6 31. b5 axb5 32. axb5 Rcc8 33. Rxa8 Rxa8 34. b6 Qe7 35. Rc1 Rb8 36. Rc7 Qd8 37. Bc4 Qe8 38. Nf5 Qd8 39. Ne7+ Kh8 40. Nc6 Qf8 41. Nxb8 Qxb8 1-0

[Event "SVK-chT2A 1819"]
[Site "Slovakia"]
[Date "2019.02.03"]
[Round "7.5"]
[White "Polacik, Igor"]
[Black "Kolman, Richard"]
[Result "1-0"]
[WhiteElo "2196"]
[BlackElo "1979"]
[PlyCount "71"]
[EventDate "2018.10.13"]
[EventType "team-tourn"]
[EventRounds "11"]
[EventCountry "SVK"]
[SourceTitle "CBM 189 Extra"]
[Source "ChessBase"]
[SourceDate "2019.05.31"]
[SourceVersion "1"]
[SourceVersionDate "2019.05.31"]
[SourceQuality "1"]
[WhiteTeam "Bratislava Doprastav"]
[BlackTeam "Bratislava Slovan IV"]
[WhiteTeamCountry "SVK"]
[BlackTeamCountry "SVK"]

1. d4 d5 2. c4 e6 3. Nc3 c5 4. e3 Nf6 5. Nf3 a6 6. a3 cxd4 7. exd4 dxc4 8. Bxc4 b5 9. Ba2 Bb7 10. 0-0 Be7 11. Bg5 0-0 12. Qd3 Nbd7 13. Rac1 Re8 14. Rfe1 Rc8 15. Bb1 Nf8 16. Ba2 Ng6 17. Rcd1 Nd5 18. Bxe7 Rxe7 19. Ne4 Qb6 20. Nc5 Ba8 21. Ne4 Ngf4 22. Qd2 Rec7 23. Bb1 b4 24. Ne5 Ng6 25. Nc5 a5 26. Nc4 Qa7 27. Ne5 bxa3 28. bxa3 Ndf4 29. Nxg6 Nxg6 30. Qg5 Qb6 31. h4 Qd6 32. f3 Qf4 33. Bxg6 Qxg5 34. Bxf7+ Kxf7 35. hxg5 Bd5 36. Kf2 1-0

[Event "SVK-chT2A 1819"]
[Site "Slovakia"]
[Date "2018.12.16"]
[Round "6.4"]
[White "Janos, Ivan"]
[Black "Kolman, Richard"]
[Result "1-0"]
[WhiteElo "2109"]
[BlackElo "1979"]
[PlyCount "45"]
[EventDate "2018.10.13"]
[EventType "team-tourn"]
[EventRounds "11"]
[EventCountry "SVK"]
[SourceTitle "CBM 189 Extra"]
[Source "ChessBase"]
[SourceDate "2019.05.31"]
[SourceVersion "1"]
[SourceVersionDate "2019.05.31"]
[SourceQuality "1"]
[WhiteTeam "Krasnany"]
[BlackTeam "Bratislava Slovan IV"]
[WhiteTeamCountry "SVK"]
[BlackTeamCountry "SVK"]

1. e4 d6 2. d4 Nf6 3. Nc3 c6 4. f4 Qb6 5. Nf3 Bg4 6. e5 Nd5 7. Nxd5 cxd5 8. Bd3 Nc6 9. c3 e6 10. Qe2 Be7 11. 0-0 g6 12. Be3 Bf5 13. Bxf5 gxf5 14. b4 Qc7 15. c4 dxc4 16. d5 Nd8 17. Rae1 0-0 18. Nd4 a6 19. exd6 Bxd6 20. Qh5 Re8 21. Qg5+ Kf8 22. Qf6 exd5 23. Nxf5 1-0

[Event "SVK-chT2A 1819"]
[Site "Slovakia"]
[Date "2018.10.14"]
[Round "2.3"]
[White "Kolman, Richard"]
[Black "Lintner, Igor"]
[Result "1-0"]
[WhiteElo "1979"]
[BlackElo "2192"]
[PlyCount "71"]
[EventDate "2018.10.13"]
[EventType "team-tourn"]
[EventRounds "11"]
[EventCountry "SVK"]
[SourceTitle "CBM 189 Extra"]
[Source "ChessBase"]
[SourceDate "2019.05.31"]
[SourceVersion "1"]
[SourceVersionDate "2019.05.31"]
[SourceQuality "1"]
[WhiteTeam "Bratislava Slovan IV"]
[BlackTeam "Gbely Nafta"]
[WhiteTeamCountry "SVK"]
[BlackTeamCountry "SVK"]

1. d4 e6 2. Nf3 c5 3. c3 Nf6 4. Bf4 d5 5. e3 Nc6 6. Bd3 Qb6 7. Qc2 Bd7 8. Nbd2 Rc8 9. a3 Nh5 10. Bg3 g6 11. dxc5 Qxc5 12. Ne5 Nxe5 13. Bxe5 f6 14. Bd4 Qe7 15. g4 Ng7 16. Bxa7 Ra8 17. Bb6 Qd6 18. Qb3 Kf7 19. Bb5 h5 20. g5 fxg5 21. Bxd7 Qxd7 22. Nf3 Bd6 23. Nxg5+ Kf6 24. h4 Qa4 25. Bd4+ Be5 26. Qxb7 Raf8 27. Bxe5+ Kxe5 28. Qxg7+ Kd6 29. Nf7+ Kc6 30. Nxh8 Qe4 31. Rf1 Rxf2 32. Kxf2 Qxh4+ 33. Ke2 Qg4+ 34. Rf3 Qg2+ 35. Rf2 Qg4+ 36. Kd2 1-0

[Event "SVK-chT2A 1819"]
[Site "Slovakia"]
[Date "2018.10.13"]
[Round "1.3"]
[White "Jozefek, Michal"]
[Black "Kolman, Richard"]
[Result "1-0"]
[WhiteElo "2201"]
[BlackElo "1979"]
[PlyCount "71"]
[EventDate "2018.10.13"]
[EventType "team-tourn"]
[EventRounds "11"]
[EventCountry "SVK"]
[SourceTitle "CBM 189 Extra"]
[Source "ChessBase"]
[SourceDate "2019.05.31"]
[SourceVersion "1"]
[SourceVersionDate "2019.05.31"]
[SourceQuality "1"]
[WhiteTeam "Osuske II"]
[BlackTeam "Bratislava Slovan IV"]
[WhiteTeamCountry "SVK"]
[BlackTeamCountry "SVK"]

1. d4 d5 2. c4 e6 3. Nc3 c5 4. cxd5 cxd4 5. Qxd4 Nc6 6. Qd1 exd5 7. Nf3 d4 8. Ne4 Qd5 9. Ned2 Be6 10. g3 g6 11. Bg2 Bg7 12. 0-0 Nge7 13. Nb3 Qc4 14. Bg5 Rd8 15. Rc1 Qb4 16. Nc5 Bd5 17. Nd3 Qb6 18. b4 h6 19. Bd2 Bxa2 20. Qa4 Qa6 21. Qxa6 bxa6 22. Rc5 Bd5 23. Ra1 Nb8 24. Bf4 Nec6 25. Bc7 Rd7 26. Bxb8 Nxb8 27. Nfe5 Bxg2 28. Nxd7 Nxd7 29. Rc8+ Ke7 30. Rxh8 Bb7 31. Rh7 Bf8 32. Ra5 Nb6 33. Nc5 Bd5 34. Rxa6 Nc8 35. Ra3 h5 36. e3 1-0

[Event "Tatry op"]
[Site "Tatranske Zruby"]
[Date "2018.09.30"]
[Round "1"]
[White "Bolacky, Jiri"]
[Black "Kolman, Richard"]
[Result "1/2-1/2"]
[WhiteElo "2222"]
[BlackElo "2016"]
[PlyCount "48"]
[EventDate "2018.09.30"]
[EventType "swiss"]
[EventRounds "9"]
[EventCountry "SVK"]
[SourceTitle "CBM 186 Extra"]
[Source "ChessBase"]
[SourceDate "2018.08.24"]
[SourceVersion "1"]
[SourceVersionDate "2018.08.24"]
[SourceQuality "1"]

1. e4 c5 2. Nc3 Nc6 3. Bb5 e6 4. Bxc6 bxc6 5. e5 d5 6. exd6 Nf6 7. d3 Bxd6 8. Bg5 Rb8 9. Rb1 Qa5 10. Bxf6 gxf6 11. Nge2 f5 12. 0-0 Qc7 13. h3 Rb4 14. Kh1 Rh4 15. Ng1 Rg8 16. b3 Rh6 17. Nf3 Rhg6 18. Rg1 Qe7 19. Qe2 Qf6 20. Na4 Qg7 21. Nh4 Rf6 22. Nb2 Ba6 23. Qf3 Kd7 24. Qe2 Rh6 1/2-1/2